| 000 | 01592nam a2200361 c 4500 | ||
|---|---|---|---|
| 999 |
_c164654 _d164654 |
||
| 003 | BLK | ||
| 005 | 20230406030521.0 | ||
| 008 | 180410b bul|||||r ||||||| ||bul|| | ||
| 010 | _aKNG00172189000 | ||
| 040 | _aBLK | ||
| 041 |
_aBUL _cBUL |
||
| 072 | 7 |
_2bullib _aА _xФонд Михаил Арнаудов |
|
| 072 | 7 |
_2bullib _aЯ _xАвтографи |
|
| 080 |
_aБългарска литература _b821.163.2 _x.09 _z821.163.2.09 |
||
| 100 | 1 |
_aГенов, Кръстьо Тодоров _eпърви автор _9380990 |
|
| 139 |
_aГенов, Кръстьо Тодоров _bГ 31 |
||
| 245 | 1 | 0 |
_aОт Паисий до Ботев _bЛит.-истор. проучване _cКръстьо Тодоров Генов. |
| 257 | _aBGR | ||
| 260 |
_bНаука и изкуство _c1967 _fВарна : ДПК Ст. Добрев-Странджата _aСофия |
||
| 300 |
_a320 с. _c20 см |
||
| 380 | _a82 | ||
| 490 |
_9396381 _aЧастна колекция - Академик Михаил Арнаудов _gДарение - Основен фонд |
||
| 500 | _aФонд Михаил Арнаудов - Автограф с текст: На моя дълбокоуважаван професор и незаменим приятел академик Михаил Арнаудов, 24 май 1967, Кр. Генов | ||
| 650 | 4 |
_aБългарска литература - критика _9241969 |
|
| 653 | _aкритика | ||
| 653 | _aбългарска литература | ||
| 659 | _aА | ||
| 659 | _aЯ | ||
| 852 |
_aЦб 41269 _bЦб |
||
| 852 |
_aМА 837 _bМА |
||
| 856 | 4 | _qpdf | |
| 856 | 4 | _qpdf | |
| 942 |
_cKNG _n0 _s1 |
||
| 944 |
_aCR _c26.02.2015 _kРенета_Константинова |
||
| 944 |
_aED _c07.03.2017 _kГеновева_Генчева |
||
| 944 |
_aED _c2022-06-08 _kВП |
||
| 999 | _d164654 | ||
| 999 | _d164654 | ||
| 999 | _d164654 | ||